000 01049cam a22002531i 4500
003 SA-RiAUC
005 20250704143940.0
008 250702s2015 xx f 000 0 ara c
040 _aSA-MaHRM
_bara
_cSA-RiAUC
_erda
082 0 4 _a251.15
_qSA-RiAUC
090 _a251.15
_b ز ب ي
100 1 _aالزبيدي، بلقاسم بن ذاكر بن محمد
_eمؤلف.
245 1 2 _aالاجتهاد في مناط الحكم الشرعي عند الأصوليين :
_bدراسة تأصيلية تطبيقية /
_cبلقاسم بن ذاكر الزبيدي.
250 _aالطبعة الأولى.
264 1 _a[مكان النشر غير محدد] :
_bمركز التكوين،
_c2015
300 _a680 صفحة ؛
_c24 سم
336 _aنص
_btxt
_2rdacontent
_3كتاب
337 _aبدون وسيط
_bn
_2rdamedia
338 _aمجلد
_bnc
_2rdacarrier
500 _aالأصل أطروحة دكتوراه.
650 7 _aالاجتهاد (أصول فقه)
_2aucsh
942 _2ddc
_cBOOK
_n0
949 _aSA-JeALM
_d250702
_umohamedma123
_n1
999 _c9439
_d9439